THE MENSTRUAL COUPE: (Record no. 211019)

MARC details
000 -LEADER
fixed length control field 00602nam a22001937a 4500
005 - DATE AND TIME OF LATEST TRANSACTION
control field 20250421105836.0
010 ## - LCCN (DPL NO)
LC control number ENG-144664
020 ## - INTERNATIONAL STANDARD BOOK NUMBER
Terms of availability 499.00
International Standard Book Number 9789357313185
035 ## - SYSTEM CONTROL NUMBER
System control number EN-128196
037 ## - SOURCE OF ACQUISITION
Source of stock number/acquisition DBAD
082 ## - DEWEY DECIMAL CLASSIFICATION NUMBER
Classification number 5
100 ## - MAIN ENTRY--PERSONAL NAME
Personal name RAFIQ,K SHAHINA
245 ## - TITLE STATEMENT
Title THE MENSTRUAL COUPE:
Remainder of title Stories/
Statement of responsibility, etc By SHAHINA K. RAFIQ
250 ## - EDITION STATEMENT
Edition statement 1
260 ## - PUBLICATION, DISTRIBUTION, ETC. (IMPRINT)
Place of publication, distribution, etc GURUGRAM
Name of publisher, distributor, etc Hachette Book Publishing India Pvt.Ltd
Date of publication, distribution, etc 2024
270 ## - ADDRESS
City Gurugram
Address 4th & 5th Floors, Corporate Centre, Plot No. 94, Sector 44, Gurugram
Postal code 122003
300 ## - PHYSICAL DESCRIPTION
Extent xv,179p,
Dimensions 20cm(pb)
942 ## - ADDED ENTRY ELEMENTS (KOHA)
Source of classification or shelving scheme Dewey Decimal Classification
Item type English Books
Classification part 5
Call number suffix RAF
Holdings
Withdrawn status Lost status Not for loan Collection code Home library Current library Date acquired Source of acquisition Cost, normal purchase price Full call number Barcode Koha item type
      Fiction Patel Nagar Patel Nagar 21/04/2025 DBAD 499.00 S RAF EN-128196 English Books

© Delhi Public Library
Hit Counter
free hit counter